000 00964cab a2200301 4500
001 ABS56166
008 090401t1996 xxu||||| |||| 00| 0 eng d
035 _a(Sirsi) u21684
041 _aeng
100 _aWordsworth, P.
245 _aSmoke alarms in managed residential properties
260 _c1996
350 _a0
490 _aCSM (Chartered Surveyor Monthly)
_v6(3) November/December 1996, 44-45(2)
520 _aExamines the statutory responsibilities of landlords and managing agents in the provision and maintenance of smoke alarms.
650 _aBUILDING REGULATIONS 1991 PART B
650 _aCAVALIER V POPE
650 _aDUTY OF CARE
650 _aFIRE ALARMS
650 _aMANAGEMENT-HEALTH AND SAFETY-FIRE SAFETY
650 _aLANDLORDS
650 _aMANAGED PROPERTY
650 _aRESIDENTIAL PROPERTY
_96266
650 _aSMOKE ALARMS
690 _aBUILT ENVIRONMENT-BUILDING STANDARDS
942 _n0
948 _c04/03/1997
999 _c14540
_d14540